<?xml version="1.0" encoding="UTF-8"?><?xml-stylesheet type="text/xsl" href="static/style.xsl"?><OAI-PMH xmlns="http://www.openarchives.org/OAI/2.0/" xmlns:xsi="http://www.w3.org/2001/XMLSchema-instance" xsi:schemaLocation="http://www.openarchives.org/OAI/2.0/ http://www.openarchives.org/OAI/2.0/OAI-PMH.xsd"><responseDate>2026-04-13T04:27:09Z</responseDate><request verb="GetRecord" identifier="oai:www.recercat.cat:10459.1/49370" metadataPrefix="marc">https://recercat.cat/oai/request</request><GetRecord><record><header><identifier>oai:recercat.cat:10459.1/49370</identifier><datestamp>2024-12-05T22:37:21Z</datestamp><setSpec>com_2072_3622</setSpec><setSpec>col_2072_479130</setSpec></header><metadata><record xmlns="http://www.loc.gov/MARC21/slim" xmlns:dcterms="http://purl.org/dc/terms/" xmlns:xsi="http://www.w3.org/2001/XMLSchema-instance" xmlns:doc="http://www.lyncode.com/xoai" xsi:schemaLocation="http://www.loc.gov/MARC21/slim http://www.loc.gov/standards/marcxml/schema/MARC21slim.xsd">
   <leader>00925njm 22002777a 4500</leader>
   <datafield ind2=" " ind1=" " tag="042">
      <subfield code="a">dc</subfield>
   </datafield>
   <datafield ind2=" " ind1=" " tag="720">
      <subfield code="a">López, Joan (López i Melcion)</subfield>
      <subfield code="e">author</subfield>
   </datafield>
   <datafield ind2=" " ind1=" " tag="720">
      <subfield code="a">Junyent, Emili</subfield>
      <subfield code="e">author</subfield>
   </datafield>
   <datafield ind2=" " ind1=" " tag="260">
      <subfield code="c">2016-01-21T19:26:37Z</subfield>
   </datafield>
   <datafield ind2=" " ind1=" " tag="260">
      <subfield code="c">2016-01-21T19:26:37Z</subfield>
   </datafield>
   <datafield ind2=" " ind1=" " tag="260">
      <subfield code="c">2015</subfield>
   </datafield>
   <datafield ind2=" " ind1=" " tag="520">
      <subfield code="a">L’article constitueix una síntesi dels resultats,&#xd;
encara inèdits, obtinguts durant les campanyes d’excavació&#xd;
efectuades durant la dècada dels anys 70 en el jaciment&#xd;
del Tossal del Molinet (el Poal, Pla d’Urgell). El&#xd;
poblat presenta diferents fases d’ocupació que se situen&#xd;
entre la primera edat del ferro i l’ibèric ple (800-200 a. n.&#xd;
e.), amb una ocupació medieval posterior. Es descriuen&#xd;
els trets principals de l’hàbitat i l’arquitectura, les fàcies&#xd;
de cultura material dels diferents períodes i s’analitzen les&#xd;
dades sobre les activitats de subsistència i producció que&#xd;
s’hi van detectar. Les fases més antigues, d’altra banda les&#xd;
més ben conservades, són encara ara de cabdal importància&#xd;
per al coneixement del procés de formació de la&#xd;
cultura ilergeta i el tipus de poblat té una especial significació&#xd;
en el marc dels models d’ocupació del territori a la&#xd;
plana occidental catalana durant aquest període.</subfield>
   </datafield>
   <datafield ind2=" " ind1=" " tag="520">
      <subfield code="a">Aquest article s’ha dut a terme en el marc del projecte HAR 2012-36877: “Producción, consumo y poder en el Valle&#xd;
del Segre y en el Mediterráneo noroccidental durante el III y el I milenio”, subvencionat pel Ministerio de Economía y&#xd;
Competitividad.</subfield>
   </datafield>
   <datafield ind1="8" ind2=" " tag="024">
      <subfield code="a">http://hdl.handle.net/10459.1/49370</subfield>
   </datafield>
   <datafield tag="653" ind2=" " ind1=" ">
      <subfield code="a">Arqueofauna</subfield>
   </datafield>
   <datafield tag="653" ind2=" " ind1=" ">
      <subfield code="a">Època  ibèrica</subfield>
   </datafield>
   <datafield tag="653" ind2=" " ind1=" ">
      <subfield code="a">Fortificacions--Catalunya</subfield>
   </datafield>
   <datafield tag="653" ind2=" " ind1=" ">
      <subfield code="a">Edat del ferro</subfield>
   </datafield>
   <datafield ind2="0" ind1="0" tag="245">
      <subfield code="a">Les excavacions dels anys 1973–1974 i 1980 al Tossal del Molinet (el Poal, Pla d’Urgell): una aldea de la primera edat del ferro i època ibèrica</subfield>
   </datafield>
</record></metadata></record></GetRecord></OAI-PMH>